000 01694nam a2200457 i 4500
001 3324415
005 20221102095636.0
008 220916s2022 nyua b 000 1 eng d
010 _a 2021948817
020 _a9781419760518 :
_c$19.99
020 _a1419760513 :
_c$19.99
035 _a(OCoLC)12992993
035 _a(OCoLC)on12992993
035 _a3323914
040 _aPABRO
_beng
_erda
_cPABRO
050 4 _aPZ8.3.B1524
_bMeo 2022
082 0 4 _a[E]
_223
092 _aE
100 1 _aBailey, Jenn,
_d1965-
_eauthor.
_95811590
245 1 0 _aMeowsterpieces :
_ba cat's guide to art... and life! /
_cwritten by Jenn Bailey ; illustrated by Nyangsongi.
264 1 _aNew York, NY :
_bMagic Cat Publishing,
_c2022.
300 _a1 volume (unpaged) :
_billustrations (some color) ;
_c32 cm
336 _atext
337 _aunmediated
338 _avolume
520 _aPublisher Annotation: Join Mama Cat and her playful kittens as they take inspiration from some of the world's great masterpieces to learn the art of being a cat.
521 1 _a3-8
_bBrodart.
521 2 _aP-3
_bBrodart.
650 0 _aCats
_vJuvenile fiction.
_95674206
650 1 _aCats
_vFiction.
_95674208
650 0 _aArt
_vJuvenile fiction.
_95706344
650 1 _aArt
_vFiction.
_95693566
650 0 _aStories in rhyme.
650 1 _aStories in rhyme.
650 7 _aJUVENILE FICTION / Art.
_2bisacsh
_96002293
650 7 _aJUVENILE FICTION / Animals / Cats.
_2bisacsh
_95719412
650 7 _aJUVENILE FICTION / Stories in Verse.
_2bisacsh
_95717143
700 0 _aNyangsongi
_c(Illustrator)
_eillustrator.
_96457324
942 _2ddc
_cBOOK
999 _c376154
_d376154
999 _bE